Grupy Mistrzostw Świata 2022 Katar - Statystyki

Ogólne statystyki
  • Ten quiz został rozwiązany 685 razy
  • Średni wynik to 27 z 32
Statystyki odpowiedzi
Odpowiedź % Poprawnych
Polska
98%
Argentyna
97%
Arabia Saudyjska
96%
Meksyk
96%
Katar
94%
Anglia
93%
Francja
93%
Hiszpania
93%
Holandia
93%
Niemcy
92%
Portugalia
92%
Brazylia
91%
Japonia
88%
USA
88%
Walia/Szkocja/Ukraina
87%
Australia/ZEA/Peru
86%
Senegal
85%
Korea Południowa
84%
Belgia
83%
Ekwador
83%
Dania
82%
Kostaryka/Nowa zelandia
81%
Maroko
80%
Urugwaj
80%
Chorwacja
78%
Iran
78%
Kanada
78%
Szwajcaria
78%
Serbia
74%
Ghana
73%
Kamerun
70%
Tunezja
66%
Nie znaleziono quizów pasujących do podanych kryteriów
Rozkład punktacji
Procent ludzi z każdym wynikiem
Percentyl według liczby udzielonych odpowiedzi
Twoja historia wyników
Nie rozwiązałeś tego quizu